| 000 | 00923nam a2200265Ia 4500 | ||
|---|---|---|---|
| 003 | OSt | ||
| 005 | 20221005103251.0 | ||
| 006 | a|||||r|||| 00| 0 | ||
| 007 | ta | ||
| 008 | 221004b |||||||| |||| 00| 0 hin d | ||
| 020 |
_a9788190550123 (hbk) _cIndian Rupees 125 |
||
| 024 | _a41116 | ||
| 037 |
_bGift, 10/01/2019, _cTextual |
||
| 040 |
_aCRL _cCRL _bhin |
||
| 041 |
_2hin _ahin |
||
| 082 | _aO152,2D75,1:g, P8 | ||
| 100 | _aमिश्र, भारतेन्दु, ले. | ||
| 245 | 0 | _aशास्त्रार्थ | |
| 246 | _aShāstrārtha | ||
| 260 |
_aगाजियाबाद _bकश्यप पब्लिकेशन भारत _c2008 |
||
| 300 |
_a94पृ0 _ccm. |
||
| 650 | _aहिन्दी नाटक | ||
| 942 |
_hO152,2D75,1:g, P8 _cTEXL _2cc |
||
| 999 |
_c1009738 _d1009738 |
||